| 000 | 01396cam a2200397 i 4500 | ||
|---|---|---|---|
| 001 | zz2005780409 | ||
| 003 | NUKAT | ||
| 005 | 20260408194613.0 | ||
| 008 | 050107s1905 pl a |000 0 pol c | ||
| 035 | _a(OCoLC)749778273 | ||
| 035 | _a(NUKAT)zz2005780409 | ||
| 040 |
_aGD U/AJ _cGD U/AJ _dGD U/AJ _dGD U/KMs _dROMA PAN/OK |
||
| 100 | 1 |
_aTokarz, Wacław _d(1873-1937). _92640 |
|
| 245 | 1 | 0 |
_aOstatnie lata Hugona Kołłątaja (1794-1812). _nT. 1 / _cWacław Tokarz. |
| 260 |
_aKraków : _bAkademia Umiejętności, _c1905. |
||
| 300 |
_a347 s., [1] k. portr. ; _c23 cm. |
||
| 336 |
_aTekst _btxt _2rdacontent |
||
| 337 |
_aBez urządzenia pośredniczącego _bn _2rdamedia |
||
| 338 |
_aWolumin _bnc _2rdacarrier |
||
| 380 | _aKsiążki | ||
| 586 | 8 | _aPraca odznaczona nagrodą im. J. U. Niemcewicza | |
| 600 | 1 | 7 |
_aKołłątaj, Hugo _d(1750-1812) _2DBN _939689 |
| 600 | 1 | 7 |
_aKołłątaj, Hugo _d(1750-1812) _vostatnie lata. _2kaba _939690 |
| 648 | 7 |
_a1701-1800 _2DBN _936035 |
|
| 648 | 7 |
_a1801-1900 _2DBN _936037 |
|
| 650 | 7 |
_aDuchowieństwo katolickie _2DBN _935375 |
|
| 650 | 7 |
_aOświata _2DBN _939557 |
|
| 650 | 7 |
_aPolitycy _2DBN _936070 |
|
| 651 | 7 |
_aPolska _2DBN _935076 |
|
| 655 | 7 |
_aBiografia _2DBN _935059 |
|
| 658 | _aEdukacja i pedagogika | ||
| 658 | _aHistoria | ||
| 658 | _aPolityka, politologia, administracja publiczna | ||
| 658 | _aReligia i duchowość | ||
| 942 |
_2ddc _cBK_NM |
||
| 999 |
_c27484 _d27484 |
||